000 00447nam a2200181Ia 4500
001 10319
005 20260306161823.0
008 260306t2005||||xx |||||||||||||| ||spa||
041 _aESP
082 _a920
_bB64A
100 _aBloom, Harold
_eAUT
245 0 _aGenios:
_bun mosaico de cien mentes creativas y ejemplares
260 _c2005
300 _a940 páginas :
_c24 cm.
650 _aGEN
654 _aCHU
942 _cLIB
_dJUS
_fJUS
_2ddc
_n
999 _c10319
_d10319